000 00503nam a2200145Ia 4500
008 231129s2004||||xx |||||||||||||| ||spa||
020 _a958-660-083-1
040 _bspa
082 _a371 B139e
100 _aBáez Osorio Myriam
245 0 _aLas escuelas normales y el cambio educativo en los Estados Unidos de Colombia en el perí­odo Radical 1870 - 1886
260 _c2004
264 _aUniversidad Pedagógica y Tecnológica de Colombia
942 _2ddc
_cBKS
999 _c18712
_d18712